000 00597nam a22002057a 4500
003 OSt
005 20160531151050.0
008 160531b xxu||||| |||| 00| 0 eng d
020 _a9780443103520
040 _cDNLM
082 _aWB940 S66e 2007
100 _aSergueef, Nicette
_99171
245 _aCranial Osteopathy for Infants Children and Adolescents: a practical handbook
260 _aEdinburgh: Churchill, 2007
300 _axviii,315p; ill: 25cm
504 _aReferences, & index included
650 _aCranial Osteopathy
_99172
650 _aAdolescent
_99173
942 _2z
_cO_SHELF
999 _c4254
_d4254